Normal view MARC view
  • Peterson / H. Craig Lewis / W.Cris

Entry Personal Name

Number of records used in: 2

001 - CONTROL NUMBER

  • control field: 4219

003 - CONTROL NUMBER IDENTIFIER

  • control field: OSt

005 - DATE AND TIME OF LATEST TRANSACTION

  • control field: 20180321122631.0

008 - FIXED-LENGTH DATA ELEMENTS

  • fixed length control field: 180321|| aca||aabn | a|a d

040 ## - CATALOGING SOURCE

  • Original cataloging agency: OSt
  • Transcribing agency: OSt

100 ## - HEADING--PERSONAL NAME

  • Personal name: Peterson / H. Craig Lewis / W.Cris

670 ## - SOURCE DATA FOUND

  • Source citation: Work cat.: (OSt)1093: Peterson / H. Craig Lewis / W.Cris, Managerial Economics, 2004